| 000 | 00796cab a2200253 4500 | ||
|---|---|---|---|
| 001 | WB3313-10 | ||
| 008 | 090401t1997 xxu||||| |||| 00| 0 eng d | ||
| 035 | _a(Sirsi) u77393 | ||
| 041 | _aeng | ||
| 245 | _aNew wayleave payment rates | ||
| 260 | _c1997 | ||
| 350 | _a0 | ||
| 490 |
_aEstates and Wayleaves Committee Press Release _v24 March 1997, (2) |
||
| 520 | _aNew wayleave payment rates have been agreed to compensate land occupiers for interference caused by electricity apparatus. Payment rates attached. | ||
| 650 | _aCOMPENSATION | ||
| 650 | _aELECTRICITY | ||
| 650 | _aLANDOWNERS | ||
| 650 | _aNATIONAL GRID COMPANY | ||
| 650 | _aUNDERGROUND CABLES | ||
| 650 | _aWAYLEAVE PAYMENTS | ||
| 690 | _aENVIRONMENTAL AND LAND CONSULTANCY | ||
| 942 | _n0 | ||
| 948 | _c25/03/1997 | ||
| 999 |
_c48659 _d48659 |
||